[Event "ROU-chT 1st League 2019"]
[Site "Mamaia"]
[Date "2019.09.28"]
[Round "8.10"]
[White "David, Alexandru-Vasile"]
[Black "Nastase, Robert-Paul"]
[Result "1-0"]
[WhiteElo "2424"]
[BlackElo "2280"]
[Annotator "NA"]
[PlyCount "91"]
[EventDate "2019.09.21"]
[EventType "team-tourn"]
[EventCountry "ROU"]
[SourceTitle "playchess.com"]
[Source "ChessBase"]
[SourceQuality "1"]
[TimeControl "40/5400+30:1800+30"]

1. d4 {[%emt 0:01:02]} Nf6 {[%emt 0:00:00]} 2. Nf3 {[%emt 0:00:05]} e6 {[%emt 0:00:06]} 3. e3 {[%emt 0:00:18]} b6 {[%emt 0:00:15]} 4. Bd3 {[%emt 0:00:42]} Bb7 {[%emt 0:00:09]} 5. O-O {[%emt 0:00:08]} c5 {[%emt 0:00:21]} 6. c4 {[%emt 0:00:06]} d6 {[%emt 0:00:34]} 7. Nc3 {[%emt 0:00:45]} Nbd7 {[%emt 0:00:08]} 8. b3 {[%emt 0:02:59]} Be7 {[%emt 0:00:09]} 9. Bb2 {[%emt 0:00:11]} cxd4 {[%emt 0:00:53]} 10. exd4 {[%emt 0:03:40]} O-O {[%emt 0:01:13]} 11. d5 {[%emt 0:01:43]} e5 {[%emt 0:00:12]} 12. Ng5 {[%emt 0:08:13]} g6 {[%emt 0:05:20]} 13. f4 {[%emt 0:11:10]} Nh5 {[%emt 0:14:49]} 14. Nxh7 {[%emt 0:02:42]} Kxh7 {[%emt 0:20:51]} 15. Qxh5+ {[%emt 0:00:24]} Kg7 {[%emt 0:00:04]} 16. Qe2 {[%emt 0:02:15]} Kg8 {[%emt 0:07:08]} 17. f5 {[%emt 0:10:46]} Kg7 {[%emt 0:00:06]} 18. Ne4 {[%emt 0:09:37]} Nf6 {[%emt 0:01:01]} 19. Nxf6 {[%emt 0:01:19]} Bxf6 {[%emt 0:00:06]} 20. fxg6 {[%emt 0:00:04]} fxg6 {[%emt 0:00:07]} 21. Qe4 {[%emt 0:00:04]} Qe8 {[%emt 0:00:12]} 22. Rf3 {[%emt 0:00:08]} Bg5 {[%emt 0:09:41]} 23. Rxf8 {[%emt 0:08:24]} Kxf8 {[%emt 0:00:07]} 24. Qxg6 {[%emt 0:03:44]} Qxg6 {[%emt 0:00:05]} 25. Bxg6 {[%emt 0:00:04]} Kg7 {[%emt 0:00:03]} 26. Be4 {[%emt 0:00:13]} Rf8 {[%emt 0:00:29]} 27. Bc1 {[%emt 0:00:11]} Kh6 {[%emt 0:00:12]} 28. g3 {[%emt 0:01:15]} Bc8 {[%emt 0:00:41]} 29. Bxg5+ {[%emt 0:02:36]} Kxg5 {[%emt 0:00:06]} 30. Rf1 {[%emt 0:00:03]} Rxf1+ {[%emt 0:00:51]} 31. Kxf1 {[%emt 0:00:05]} Bh3+ {[%emt 0:00:03]} 32. Kf2 {[%emt 0:00:05]} a5 {[%emt 0:00:06]} 33. Bg2 {[%emt 0:07:55]} Bf5 {[%emt 0:00:21]} 34. h4+ {[%emt 0:00:10]} Kf6 {[%emt 0:00:25]} 35. Bf1 {[%emt 0:01:03]} Bb1 {[%emt 0:05:06]} 36. a3 {[%emt 0:00:05]} Ba2 {[%emt 0:00:02]} 37. b4 {[%emt 0:00:06]} axb4 {[%emt 0:00:06]} 38. axb4 {[%emt 0:00:11]} b5 {[%emt 0:00:08]} 39. c5 {[%emt 0:00:07]} dxc5 {[%emt 0:00:11]} 40. bxc5 {[%emt 0:00:00]} b4 {[%emt 0:00:00]} 41. d6 {[%emt 0:01:22]} e4 {[%emt 0:04:51]} 42. Ke3 {[%emt 0:10:48]} Bd5 {[%emt 0:00:21]} 43. Kd4 {[%emt 0:03:30]} b3 {[%emt 0:00:12]} 44. Kc3 {[%emt 0:00:05]} e3 {[%emt 0:07:28]} 45. h5 {[%emt 0:02:50]} Bf3 {[%emt 0:00:38]} 46. h6 {[%emt 0:00:09]} 1-0

[Event "ROU-chT 1st League 2019"]
[Site "Mamaia"]
[Date "2019.09.28"]
[Round "8.11"]
[White "Pop, Alexandru"]
[Black "Stoleriu, George"]
[Result "1/2-1/2"]
[WhiteElo "2274"]
[BlackElo "2351"]
[Annotator "NA"]
[PlyCount "97"]
[EventDate "2019.09.21"]
[EventType "team-tourn"]
[EventCountry "ROU"]
[SourceTitle "playchess.com"]
[Source "ChessBase"]
[SourceQuality "1"]
[TimeControl "40/5400+30:1800+30"]

1. c4 {[%emt 0:08:21]} e5 {[%emt 0:00:31]} 2. Nc3 {[%emt 0:00:08]} Nc6 {[%emt 0:00:03]} 3. Nf3 {[%emt 0:00:59]} f5 {[%emt 0:07:00]} 4. d4 {[%emt 0:00:13]} e4 {[%emt 0:00:06]} 5. Ng5 {[%emt 0:00:42]} Nf6 {[%emt 0:07:24]} 6. Nh3 {[%emt 0:01:46]} Bb4 {[%emt 0:09:10]} 7. e3 {[%emt 0:02:13]} Bxc3+ {[%emt 0:01:33]} 8. bxc3 {[%emt 0:00:08]} d6 {[%emt 0:00:16]} 9. Be2 {[%emt 0:04:58]} O-O {[%emt 0:01:05]} 10. O-O {[%emt 0:00:19]} Kh8 {[%emt 0:01:21]} 11. Ba3 {[%emt 0:02:48]} Re8 {[%emt 0:14:49]} 12. Rb1 {[%emt 0:03:14]} Qe7 {[%emt 0:03:19]} 13. Nf4 {[%emt 0:06:04]} Qf7 {[%emt 0:09:33]} 14. Rb2 {[%emt 0:07:56]} Nd8 {[%emt 0:12:32]} 15. Nh3 {[%emt 0:12:05]} Ne6 {[%emt 0:07:27]} 16. Rb5 {[%emt 0:02:10]} c5 {[%emt 0:02:11]} 17. Qc2 {[%emt 0:01:54]} Qg6 {[%emt 0:03:40]} 18. Nf4 {[%emt 0:03:39]} Nxf4 {[%emt 0:02:48]} 19. exf4 {[%emt 0:00:08]} b6 {[%emt 0:00:30]} 20. Bc1 {[%emt 0:00:54]} Qf7 {[%emt 0:03:32]} 21. Rb2 {[%emt 0:00:22]} Nd7 {[%emt 0:00:36]} 22. Be3 {[%emt 0:00:35]} Nb8 {[%emt 0:01:14]} 23. d5 {[%emt 0:07:48]} Nd7 {[%emt 0:01:00]} 24. a4 {[%emt 0:00:23]} Ba6 {[%emt 0:00:27]} 25. Ra1 {[%emt 0:00:47]} Reb8 {[%emt 0:02:03]} 26. Qb1 {[%emt 0:02:30]} Qe8 {[%emt 0:00:31]} 27. Ra3 {[%emt 0:01:36]} Bc8 {[%emt 0:01:41]} 28. h3 {[%emt 0:05:24]} a5 {[%emt 0:00:40]} 29. Ra1 {[%emt 0:02:27]} Ba6 {[%emt 0:01:07]} 30. Kf1 {[%emt 0:01:11]} Qg6 {[%emt 0:00:28]} 31. g3 {[%emt 0:01:18]} Rb7 {[%emt 0:00:32]} 32. Ke1 {[%emt 0:00:29]} Qh6 {[%emt 0:00:16]} 33. Bf1 {[%emt 0:00:43]} Rf8 {[%emt 0:00:31]} 34. Kd2 {[%emt 0:01:34]} Rbb8 {[%emt 0:00:01]} 35. Qd1 {[%emt 0:01:36]} Rbe8 {[%emt 0:00:32]} 36. Kc2 {[%emt 0:02:43]} Kg8 {[%emt 0:00:08]} 37. Kb3 {[%emt 0:00:36]} Kf7 {[%emt 0:00:26]} 38. Ka3 {[%emt 0:00:33]} Ke7 {[%emt 0:00:06]} 39. Rbb1 {[%emt 0:00:40]} Kd8 {[%emt 0:00:04]} 40. Qc2 {[%emt 0:00:00]} Kc7 {[%emt 0:00:00]} 41. Be2 {[%emt 0:00:44]} Qf6 {[%emt 0:01:03]} 42. Rg1 {[%emt 0:08:22]} Rf7 {[%emt 0:08:14]} 43. Qd2 {[%emt 0:00:14]} Nf8 {[%emt 0:02:07]} 44. Rg2 {[%emt 0:00:34]} Ng6 {[%emt 0:00:54]} 45. Rb1 {[%emt 0:02:18]} Rb8 {[%emt 0:01:06]} 46. Rh1 {[%emt 0:04:40]} Re8 {[%emt 0:00:16]} 47. Rb1 {[%emt 0:00:16]} Rb8 {[%emt 0:00:04]} 48. Rh1 {[%emt 0:01:48]} Re8 {[%emt 0:00:08]} 49. Rb1 {[%emt 0:00:10]} 1/2-1/2

[Event "ROU-chT 1st League 2019"]
[Site "Mamaia"]
[Date "2019.09.28"]
[Round "8.12"]
[White "Balla, Tamas-Kristof"]
[Black "Ciorica, Mihai-Vlad"]
[Result "1-0"]
[WhiteElo "2335"]
[BlackElo "1985"]
[Annotator "NA"]
[PlyCount "79"]
[EventDate "2019.09.21"]
[EventType "team-tourn"]
[EventCountry "ROU"]
[SourceTitle "playchess.com"]
[Source "ChessBase"]
[SourceQuality "1"]
[TimeControl "40/5400+30:1800+30"]

1. e4 {[%emt 0:02:10]} c5 {[%emt 0:00:00]} 2. Nf3 {[%emt 0:00:17]} Nc6 {[%emt 0:00:29]} 3. d4 {[%emt 0:00:06]} cxd4 {[%emt 0:00:05]} 4. Nxd4 {[%emt 0:00:04]} g6 {[%emt 0:00:04]} 5. c4 {[%emt 0:00:16]} Nf6 {[%emt 0:01:37]} 6. Nc3 {[%emt 0:00:18]} Nxd4 {[%emt 0:00:04]} 7. Qxd4 {[%emt 0:00:10]} d6 {[%emt 0:00:35]} 8. Be3 {[%emt 0:00:28]} Bg7 {[%emt 0:00:06]} 9. Be2 {[%emt 0:00:06]} O-O {[%emt 0:00:05]} 10. Qd2 {[%emt 0:00:06]} Be6 {[%emt 0:00:33]} 11. Rc1 {[%emt 0:00:22]} Qa5 {[%emt 0:00:30]} 12. f3 {[%emt 0:01:08]} Rfc8 {[%emt 0:00:06]} 13. b3 {[%emt 0:00:06]} a6 {[%emt 0:00:03]} 14. Na4 {[%emt 0:00:19]} Qxd2+ {[%emt 0:01:02]} 15. Kxd2 {[%emt 0:00:09]} Nd7 {[%emt 0:04:37]} 16. g4 {[%emt 0:00:12]} Rab8 {[%emt 0:03:40]} 17. Nc3 {[%emt 0:04:30]} Kf8 {[%emt 0:07:24]} 18. h4 {[%emt 0:08:35]} f5 {[%emt 0:09:37]} 19. exf5 {[%emt 0:04:29]} gxf5 {[%emt 0:00:07]} 20. g5 {[%emt 0:00:07]} Ne5 {[%emt 0:03:43]} 21. f4 {[%emt 0:10:25]} Ng4 {[%emt 0:04:47]} 22. Ba7 {[%emt 0:07:05]} Ra8 {[%emt 0:00:28]} 23. Bb6 {[%emt 0:00:07]} h5 {[%emt 0:11:17]} 24. Bf3 {[%emt 0:03:55]} Bxc3+ {[%emt 0:03:18]} 25. Rxc3 {[%emt 0:00:46]} Rab8 {[%emt 0:01:54]} 26. Re1 {[%emt 0:03:57]} Bd7 {[%emt 0:03:27]} 27. c5 {[%emt 0:03:07]} Bc6 {[%emt 0:06:07]} 28. cxd6 {[%emt 0:02:35]} exd6 {[%emt 0:00:04]} 29. Bxg4 {[%emt 0:04:50]} hxg4 {[%emt 0:00:10]} 30. Re6 {[%emt 0:01:03]} Be4 {[%emt 0:01:07]} 31. Bc7 {[%emt 0:02:06]} Ra8 {[%emt 0:03:16]} 32. h5 {[%emt 0:07:10]} Re8 {[%emt 0:01:11]} 33. Bxd6+ {[%emt 0:01:20]} Kg8 {[%emt 0:01:50]} 34. Rg6+ {[%emt 0:05:22]} Kh8 {[%emt 0:00:05]} 35. Be5+ {[%emt 0:08:44]} Rxe5 {[%emt 0:00:10]} 36. fxe5 {[%emt 0:00:03]} f4 {[%emt 0:00:31]} 37. Rf6 {[%emt 0:00:14]} Rd8+ {[%emt 0:02:00]} 38. Ke2 {[%emt 0:01:03]} Bf3+ {[%emt 0:05:11]} 39. Rxf3 {[%emt 0:00:50]} gxf3+ {[%emt 0:00:06]} 40. Kxf3 {[%emt 0:00:00]} 1-0

[Event "ROU-chT 1st League 2019"]
[Site "Mamaia"]
[Date "2019.09.28"]
[Round "8.13"]
[White "Musat, Adrian"]
[Black "Kozak, Adam"]
[Result "1/2-1/2"]
[WhiteElo "2378"]
[BlackElo "2512"]
[Annotator "ChessBase"]
[PlyCount "53"]
[EventDate "2019.09.21"]
[EventType "team-tourn"]
[EventCountry "ROU"]
[SourceTitle "playchess.com"]
[Source "ChessBase"]
[SourceQuality "1"]
[TimeControl "40/5400+30:1800+30"]

1. Nf3 {[%emt 0:00:00]} c5 {[%emt 0:07:01]} 2. c4 {[%emt 0:00:00]} Nc6 {[%emt 0:00:09]} 3. d4 {[%emt 0:00:00]} cxd4 {[%emt 0:00:07]} 4. Nxd4 {[%emt 0:00:00]} Nf6 {[%emt 0:00:07]} 5. Nc3 {[%emt 0:00:19]} e6 {[%emt 0:00:06]} 6. a3 {[%emt 0:01:10]} Be7 {[%emt 0:00:20]} 7. e4 {[%emt 0:02:57]} O-O {[%emt 0:00:21]} 8. Be2 {[%emt 0:02:09]} d5 {[%emt 0:00:37]} 9. exd5 {[%emt 0:04:16]} exd5 {[%emt 0:00:08]} 10. O-O {[%emt 0:17:56]} Nxd4 {[%emt 0:00:12]} 11. Qxd4 {[%emt 0:00:11]} Be6 {[%emt 0:00:04]} 12. cxd5 {[%emt 0:10:54]} Nxd5 {[%emt 0:00:05]} 13. Nxd5 {[%emt 0:00:42]} Qxd5 {[%emt 0:00:09]} 14. Qxd5 {[%emt 0:03:57]} Bxd5 {[%emt 0:00:05]} 15. Be3 {[%emt 0:01:17]} Bf6 {[%emt 0:00:07]} 16. Rfd1 {[%emt 0:13:54]} Rfd8 {[%emt 0:00:04]} 17. Bd4 {[%emt 0:03:10]} Bb3 {[%emt 0:02:13]} 18. Bxf6 {[%emt 0:03:16]} gxf6 {[%emt 0:01:33]} 19. Rdc1 {[%emt 0:01:27]} Rac8 {[%emt 0:09:38]} 20. Rxc8 {[%emt 0:09:56]} Rxc8 {[%emt 0:00:40]} 21. Bd1 {[%emt 0:00:11]} Bxd1 {[%emt 0:02:35]} 22. Rxd1 {[%emt 0:01:29]} Rc2 {[%emt 0:00:02]} 23. Rb1 {[%emt 0:00:10]} b5 {[%emt 0:00:30]} 24. Kf1 {[%emt 0:00:28]} a5 {[%emt 0:08:39]} 25. b4 {[%emt 0:00:37]} axb4 {[%emt 0:03:52]} 26. Rxb4 {[%emt 0:00:15]} Ra2 {[%emt 0:00:05]} 27. Rxb5 {[%emt 0:00:05]} 1/2-1/2

[Event "ROU-chT 1st League 2019"]
[Site "Mamaia"]
[Date "2019.09.28"]
[Round "8.14"]
[White "Gavrilescu, David"]
[Black "Doncea, Vladimir"]
[Result "1/2-1/2"]
[WhiteElo "2451"]
[BlackElo "2341"]
[Annotator "ChessBase"]
[PlyCount "59"]
[EventDate "2019.09.21"]
[EventType "team-tourn"]
[EventCountry "ROU"]
[SourceTitle "playchess.com"]
[Source "ChessBase"]
[SourceQuality "1"]
[TimeControl "40/5400+30:1800+30"]

1. e4 {[%emt 0:00:00]} c5 {[%emt 0:00:00]} 2. Nf3 {[%emt 0:00:11]} e6 {[%emt 0:00:00]} 3. d4 {[%emt 0:00:27]} cxd4 {[%emt 0:00:00]} 4. Nxd4 {[%emt 0:00:07]} Nf6 {[%emt 0:00:21]} 5. Nc3 {[%emt 0:00:31]} Nc6 {[%emt 0:00:08]} 6. Nxc6 {[%emt 0:00:51]} bxc6 {[%emt 0:00:06]} 7. e5 {[%emt 0:00:22]} Nd5 {[%emt 0:00:07]} 8. Ne4 {[%emt 0:00:11]} Qc7 {[%emt 0:00:52]} 9. f4 {[%emt 0:00:30]} Qa5+ {[%emt 0:00:08]} 10. c3 {[%emt 0:01:02]} Ba6 {[%emt 0:00:35]} 11. Bd3 {[%emt 0:02:13]} Qb6 {[%emt 0:01:10]} 12. Bxa6 {[%emt 0:13:19]} Qxa6 {[%emt 0:01:51]} 13. Qe2 {[%emt 0:00:14]} Qxe2+ {[%emt 0:00:08]} 14. Kxe2 {[%emt 0:00:04]} f5 {[%emt 0:00:06]} 15. exf6 {[%emt 0:00:05]} Nxf6 {[%emt 0:00:23]} 16. Nxf6+ {[%emt 0:00:09]} gxf6 {[%emt 0:00:36]} 17. Be3 {[%emt 0:00:58]} d5 {[%emt 0:07:38]} 18. c4 {[%emt 0:04:10]} Bd6 {[%emt 0:02:23]} 19. Rhd1 {[%emt 0:02:09]} Ke7 {[%emt 0:03:29]} 20. Rac1 {[%emt 0:03:32]} Rhb8 {[%emt 0:06:58]} 21. Rc2 {[%emt 0:10:39]} f5 {[%emt 0:07:09]} 22. Rd3 {[%emt 0:03:07]} a5 {[%emt 0:03:37]} 23. cxd5 {[%emt 0:03:42]} cxd5 {[%emt 0:03:11]} 24. Bd2 {[%emt 0:00:12]} h5 {[%emt 0:06:33]} 25. Rh3 {[%emt 0:06:28]} Rh8 {[%emt 0:03:08]} 26. Rc6 {[%emt 0:01:04]} Kd7 {[%emt 0:04:43]} 27. Rb6 {[%emt 0:04:56]} Rhb8 {[%emt 0:01:11]} 28. Rxb8 {[%emt 0:14:27]} Rxb8 {[%emt 0:00:56]} 29. b3 {[%emt 0:00:45]} a4 {[%emt 0:00:39]} 30. Rxh5 {[%emt 0:06:42]} 1/2-1/2

[Event "ROU-chT 1st League 2019"]
[Site "Mamaia"]
[Date "2019.09.28"]
[Round "8.15"]
[White "Ciorgovean, Iustin"]
[Black "Carmaciu, Lucian-Catalin"]
[Result "1/2-1/2"]
[WhiteElo "2331"]
[BlackElo "2375"]
[Annotator "NA"]
[PlyCount "103"]
[EventDate "2019.09.21"]
[EventType "team-tourn"]
[EventCountry "ROU"]
[SourceTitle "playchess.com"]
[Source "ChessBase"]
[SourceQuality "1"]
[TimeControl "40/5400+30:1800+30"]

1. d4 {[%emt 0:00:00]} d6 {[%emt 0:00:09]} 2. Nf3 {[%emt 0:00:00]} Bg4 {[%emt 0:00:24]} 3. c4 {[%emt 0:00:00]} Bxf3 {[%emt 0:00:18]} 4. exf3 {[%emt 0:00:00]} c6 {[%emt 0:00:09]} 5. Nc3 {[%emt 0:01:29]} g6 {[%emt 0:00:11]} 6. Be3 {[%emt 0:03:31]} Bg7 {[%emt 0:00:12]} 7. d5 {[%emt 0:02:33]} Nf6 {[%emt 0:00:17]} 8. Be2 {[%emt 0:00:56]} O-O {[%emt 0:00:18]} 9. O-O {[%emt 0:02:45]} Nbd7 {[%emt 0:01:03]} 10. Qd2 {[%emt 0:08:54]} Qa5 {[%emt 0:01:02]} 11. Rab1 {[%emt 0:04:04]} Rfc8 {[%emt 0:04:40]} 12. Rfc1 {[%emt 0:02:33]} cxd5 {[%emt 0:00:15]} 13. b4 {[%emt 0:02:54]} Qd8 {[%emt 0:00:15]} 14. Nxd5 {[%emt 0:00:22]} Nxd5 {[%emt 0:00:08]} 15. Qxd5 {[%emt 0:02:24]} Rc7 {[%emt 0:00:45]} 16. f4 {[%emt 0:05:48]} Nb6 {[%emt 0:04:51]} 17. Qa5 {[%emt 0:07:25]} Qc8 {[%emt 0:02:57]} 18. c5 {[%emt 0:05:20]} dxc5 {[%emt 0:00:11]} 19. Rxc5 {[%emt 0:01:42]} Rxc5 {[%emt 0:00:24]} 20. Qxc5 {[%emt 0:01:51]} Na4 {[%emt 0:01:25]} 21. Qxe7 {[%emt 0:10:22]} Nc3 {[%emt 0:09:00]} 22. Re1 {[%emt 0:00:17]} Bf8 {[%emt 0:03:54]} 23. Qe5 {[%emt 0:00:47]} Nxe2+ {[%emt 0:01:08]} 24. Rxe2 {[%emt 0:00:05]} Bxb4 {[%emt 0:00:43]} 25. h4 {[%emt 0:02:59]} Bc3 {[%emt 0:01:13]} 26. Qd5 {[%emt 0:05:52]} Bf6 {[%emt 0:03:35]} 27. h5 {[%emt 0:01:51]} a5 {[%emt 0:05:47]} 28. h6 {[%emt 0:05:36]} Qc7 {[%emt 0:15:08]} 29. g3 {[%emt 0:03:47]} Be7 {[%emt 0:00:58]} 30. Rb2 {[%emt 0:02:18]} Qc6 {[%emt 0:01:47]} 31. Qxc6 {[%emt 0:01:49]} bxc6 {[%emt 0:01:52]} 32. g4 {[%emt 0:00:19]} Bb4 {[%emt 0:04:44]} 33. Kf1 {[%emt 0:01:35]} Rc8 {[%emt 0:07:10]} 34. Ke2 {[%emt 0:02:27]} c5 {[%emt 0:03:44]} 35. Kd3 {[%emt 0:01:05]} c4+ {[%emt 0:00:33]} 36. Kd4 {[%emt 0:00:24]} Kf8 {[%emt 0:00:24]} 37. Rc2 {[%emt 0:01:20]} c3 {[%emt 0:00:28]} 38. Kd3 {[%emt 0:02:23]} f5 {[%emt 0:04:07]} 39. f3 {[%emt 0:01:03]} Rd8+ {[%emt 0:08:56]} 40. Ke2 {[%emt 0:00:00]} Ke7 {[%emt 0:00:00]} 41. a3 {[%emt 0:08:35]} Bxa3 {[%emt 0:00:36]} 42. Rxc3 {[%emt 0:00:03]} Bd6 {[%emt 0:01:35]} 43. Bc5 {[%emt 0:01:02]} a4 {[%emt 0:05:04]} 44. Re3+ {[%emt 0:03:41]} Kf7 {[%emt 0:00:14]} 45. Bxd6 {[%emt 0:04:21]} Rxd6 {[%emt 0:00:05]} 46. Rc3 {[%emt 0:01:01]} Rd7 {[%emt 0:02:42]} 47. Ke3 {[%emt 0:00:30]} Ra7 {[%emt 0:13:57]} 48. Ra3 {[%emt 0:00:12]} Kf6 {[%emt 0:03:58]} 49. g5+ {[%emt 0:01:02]} Ke6 {[%emt 0:00:40]} 50. Kd4 {[%emt 0:00:06]} Kd6 {[%emt 0:01:00]} 51. Kc4 {[%emt 0:00:25]} Kc6 {[%emt 0:01:40]} 52. Kd4 1/2-1/2

[Event "ROU-chT 1st League 2019"]
[Site "Mamaia"]
[Date "2019.09.28"]
[Round "8.16"]
[White "Pisu, Robert-Daniel"]
[Black "Barzanu, Iulian"]
[Result "0-1"]
[WhiteElo "2244"]
[BlackElo "2187"]
[Annotator "NA"]
[PlyCount "80"]
[EventDate "2019.09.21"]
[EventType "team-tourn"]
[EventCountry "ROU"]
[SourceTitle "playchess.com"]
[Source "ChessBase"]
[SourceQuality "1"]
[TimeControl "40/5400+30:1800+30"]

1. d4 {[%emt 0:00:00]} d6 {[%emt 0:00:00]} 2. e4 {[%emt 0:00:00]} Nf6 {[%emt 0:00:40]} 3. Nc3 {[%emt 0:00:00]} g6 {[%emt 0:00:18]} 4. Be3 {[%emt 0:00:36]} c6 {[%emt 0:02:14]} 5. Nf3 {[%emt 0:00:29]} Bg7 {[%emt 0:00:40]} 6. Qd2 {[%emt 0:00:30]} O-O {[%emt 0:05:06]} 7. Bh6 {[%emt 0:01:17]} Nbd7 {[%emt 0:17:45]} 8. O-O-O {[%emt 0:08:38]} Qa5 {[%emt 0:07:49]} 9. Bd3 {[%emt 0:14:31]} e5 {[%emt 0:04:41]} 10. Bxg7 {[%emt 0:03:29]} Kxg7 {[%emt 0:00:12]} 11. h4 {[%emt 0:00:09]} h5 {[%emt 0:14:25]} 12. dxe5 {[%emt 0:15:58]} dxe5 {[%emt 0:00:42]} 13. Ng5 {[%emt 0:00:48]} Qc5 {[%emt 0:08:19]} 14. f3 {[%emt 0:03:13]} b5 {[%emt 0:03:53]} 15. g4 {[%emt 0:07:42]} Rh8 {[%emt 0:00:36]} 16. gxh5 {[%emt 0:07:37]} Nxh5 {[%emt 0:01:14]} 17. Ne2 {[%emt 0:03:42]} Ndf6 {[%emt 0:02:11]} 18. Rdg1 {[%emt 0:02:24]} Qd6 {[%emt 0:03:07]} 19. Nxf7 {[%emt 0:10:44]} Kxf7 {[%emt 0:03:36]} 20. Bc4+ {[%emt 0:00:06]} Ke7 {[%emt 0:00:08]} 21. Qxd6+ {[%emt 0:03:16]} Kxd6 {[%emt 0:00:02]} 22. Bf7 {[%emt 0:00:08]} Be6 {[%emt 0:12:01]} 23. Bxg6 {[%emt 0:00:20]} Rag8 {[%emt 0:01:50]} 24. Rg5 {[%emt 0:02:29]} Ke7 {[%emt 0:03:05]} 25. Rhg1 {[%emt 0:03:54]} Nf4 {[%emt 0:02:34]} 26. Nxf4 {[%emt 0:00:41]} exf4 {[%emt 0:00:02]} 27. h5 {[%emt 0:00:10]} Nd7 {[%emt 0:02:24]} 28. a4 {[%emt 0:05:07]} a6 {[%emt 0:00:08]} 29. Kd2 {[%emt 0:00:46]} Kf6 {[%emt 0:01:27]} 30. Ke2 {[%emt 0:05:13]} Ne5 {[%emt 0:00:13]} 31. R5g2 {[%emt 0:00:16]} Rh6 {[%emt 0:00:41]} 32. axb5 {[%emt 0:00:31]} axb5 {[%emt 0:00:09]} 33. Kf2 {[%emt 0:01:07]} Nxg6 {[%emt 0:02:24]} 34. hxg6 {[%emt 0:00:30]} Rhxg6 {[%emt 0:00:12]} 35. Rxg6+ {[%emt 0:00:15]} Rxg6 {[%emt 0:00:05]} 36. Ra1 {[%emt 0:00:03]} Bh3 {[%emt 0:00:50]} 37. Ke2 {[%emt 0:00:19]} Rg2+ {[%emt 0:00:34]} 38. Kd3 {[%emt 0:00:02]} Rf2 {[%emt 0:00:17]} 39. Ra6 {[%emt 0:00:06]} Bd7 {[%emt 0:01:01]} 40. Ra7 {[%emt 0:00:00]} Ke5 {Kd4+} 0-1

[Event "ROU-chT 1st League 2019"]
[Site "Mamaia"]
[Date "2019.09.28"]
[Round "8.17"]
[White "Prodileanu, Adrian"]
[Black "Ghimpu, Samuel-Timotei"]
[Result "1/2-1/2"]
[WhiteElo "2236"]
[BlackElo "2158"]
[Annotator "NA"]
[PlyCount "52"]
[EventDate "2019.09.21"]
[EventType "team-tourn"]
[EventCountry "ROU"]
[SourceTitle "playchess.com"]
[Source "ChessBase"]
[SourceQuality "1"]
[TimeControl "40/5400+30:1800+30"]

1. c4 {[%emt 0:00:00]} Nf6 {[%emt 0:00:00]} 2. g3 {[%emt 0:00:00]} e6 {[%emt 0:00:00]} 3. Bg2 {[%emt 0:00:13]} d5 {[%emt 0:00:00]} 4. Nf3 {[%emt 0:00:24]} Be7 {[%emt 0:00:01]} 5. O-O {[%emt 0:00:24]} O-O {[%emt 0:00:05]} 6. d4 {[%emt 0:00:35]} dxc4 {[%emt 0:00:05]} 7. Qc2 {[%emt 0:01:36]} a6 {[%emt 0:00:05]} 8. Qxc4 {[%emt 0:01:31]} b5 {[%emt 0:00:00]} 9. Qc2 {[%emt 0:00:10]} Bb7 {[%emt 0:00:01]} 10. Bg5 {[%emt 0:01:20]} Nbd7 {[%emt 0:00:05]} 11. Bxf6 {[%emt 0:00:47]} Bxf6 {[%emt 0:01:54]} 12. Ng5 {[%emt 0:11:40]} Bxg5 {[%emt 0:00:32]} 13. Bxb7 {[%emt 0:00:08]} Rb8 {[%emt 0:07:46]} 14. Bc6 {[%emt 0:11:04]} Nb6 {[%emt 0:06:19]} 15. Rd1 {[%emt 0:10:13]} Nd5 {[%emt 0:00:20]} 16. Bxd5 {[%emt 0:06:48]} exd5 {[%emt 0:01:54]} 17. e3 {[%emt 0:08:59]} Re8 {[%emt 0:14:08]} 18. Nd2 {[%emt 0:00:25]} Be7 {[%emt 0:04:05]} 19. Rdc1 {[%emt 0:03:46]} Bd6 {[%emt 0:00:17]} 20. Qf5 {[%emt 0:04:30]} Bb4 {[%emt 0:04:24]} 21. Nb3 {[%emt 0:01:16]} Rb6 {[%emt 0:00:52]} 22. Rc2 {[%emt 0:05:39]} Rf6 {[%emt 0:01:45]} 23. Qd3 {[%emt 0:01:26]} Qd7 {[%emt 0:22:29]} 24. Rac1 {[%emt 0:01:33]} Bd6 {[%emt 0:00:07]} 25. a3 {[%emt 0:04:17]} h5 {[%emt 0:00:24]} 26. Nc5 {[%emt 0:10:23]} Bxc5 {[%emt 0:26:50]} 1/2-1/2